000 01415cam a2200349 a 4500
001 perfectinvestmen00mill
003 CaSfIA
005 20210118205749.0
007 cr||||
008 830616s1983 nyua 001 0 eng
010 _a 83007824
040 _aDLC
_cDLC
_dOCL
_dBTCTA
_dBAKER
_dYDXCP
_dFN2
_dCaSfIA
020 _a0525933026
020 _a9780525933021
035 _a(OCoLC)9686573
050 0 0 _aHG4527
_b.M52 1983
082 0 4 _a332.63/22
_219
100 1 _aMiller, Lowell.
245 1 4 _aThe perfect investment /
_h[electronic resource]
_cLowell Miller.
250 _a1st ed.
260 _aNew York :
_bDutton,
_cc1983.
300 _avii, 248 p. :
_bill. ;
_c22 cm.
500 _aIncludes index.
650 0 _aInvestments
_vHandbooks, manuals, etc.
650 0 _aStocks
_vHandbooks, manuals, etc.
856 4 1 _uhttp://www.archive.org/details/perfectinvestmen00mill
_zFree eBook from the Internet Archive
856 4 2 _uhttp://www.openlibrary.org/books/OL3165857M
_zAdditional information and access via Open Library
029 1 _aNZ1
_b2721130
942 _cEB
506 _fНеобхідна авторизація на https://archive.org/ (створення облікового запису безкоштовно)
506 _fНеобхідна авторизація на https://openlibrary.org/ (створення облікового запису безкоштовно)
999 _c535810
_d535810